Organizational Behavior : Improving Performance and Commitment in the Workplace / (Record no. 49518)
[ view plain ]
| 000 -LEADER | |
|---|---|
| fixed length control field | 00493nam a22001577a 4500 |
| 008 - FIXED-LENGTH DATA ELEMENTS--GENERAL INFORMATION | |
| fixed length control field | 170320b xxu||||| |||| 00| 0 eng d |
| 020 ## - INTERNATIONAL STANDARD BOOK NUMBER | |
| International Standard Book Number | 9780071051620 |
| 050 ## - LIBRARY OF CONGRESS CALL NUMBER | |
| Classification number | HD 58.7 |
| Item number | .O71 2013 |
| 100 ## - MAIN ENTRY--PERSONAL NAME | |
| Personal name | Jason A Colquitt |
| 245 ## - TITLE STATEMENT | |
| Title | Organizational Behavior : Improving Performance and Commitment in the Workplace / |
| Statement of responsibility, etc | Jason A. Colquitt....[et al] |
| 250 ## - EDITION STATEMENT | |
| Edition statement | 2nd Canadian ed. |
| 260 ## - PUBLICATION, DISTRIBUTION, ETC. (IMPRINT) | |
| Place of publication, distribution, etc | USA |
| Name of publisher, distributor, etc | McGrawHill |
| Date of publication, distribution, etc | 2013 |
| 300 ## - PHYSICAL DESCRIPTION | |
| Extent | xxvi,499p |
| Dimensions | 24cm |
| 500 ## - GENERAL NOTE | |
| General note | includes index |
| 942 ## - ADDED ENTRY ELEMENTS (KOHA) | |
| Source of classification or shelving scheme | Library of Congress Classification |
| Item type | Book |
| Withdrawn status | Lost status | Source of classification or shelving scheme | Damaged status | Not for loan | Collection code | Home library | Current library | Shelving location | Date acquired | Source of acquisition | Cost, normal purchase price | Total Checkouts | Full call number | Barcode | Date last seen | Date last borrowed | Copy number | Price effective from | Koha item type | Total Renewals |
|---|---|---|---|---|---|---|---|---|---|---|---|---|---|---|---|---|---|---|---|---|
| Library of Congress Classification | Non-fiction | Bishop Okullu Memorial Library (Limuru Campus) | Bishop Okullu Memorial Library (Limuru Campus) | General Circulation | 30/11/2017 | Donations- BFA | 1620.00 | 3 | HD58.7 .O71 2013 | 056985 | 13/02/2023 | 2 | 30/11/2017 | Book | 1 | |||||
| Library of Congress Classification | Non-fiction | Nairobi Campus | Nairobi Campus | General Circulation | 20/03/2017 | Donation-BFA | 2000.00 | 14 | HD 58.7 .O71 2013 | 051980 | 06/03/2026 | 20/02/2026 | 1 | 20/03/2017 | Book |